000 01291 a2200193 4500
003 NUST
005 20230130141534.0
010 _a12024756
040 _cNust
082 _a920,THE
100 _aByron, George Gordon Byron, Baron,
_9108096
245 _aPoetical works of Lord Byron /
_cLord Byron
260 _aNew York,
_bThe Clover press, inc
_c1912
300 _ax, 924 p.;
_b front. (port.)
_c 21 cm
505 _aPoems, Original and Translated (Page-1), Dear to Him (Page-2), To-E- (Page-3), Founded on Facts (Page-4), Marsus (Page-50, K.T.A. (page-60, To M.S.G (Page-7), To The Same (Page-8), The First Kiss of Love (Page-90, The Marriage of Miss Chaworth (Page-11), Hill (Page-12), The Woman (Page-13), Love's Last Adieu (Page-14), To Marion (Page-150, Oscar of Alva A Tale (Page-16), The Tear (Page-27), La chin y Gair (Page--29), Elegy on New stead Abbey (Page-30), To George, Earl Delawarr (Page-44), On Finding A Fan (Page-49), Well Thou Art Happy (Page-53), Lines in the Tranvellers book Orchomenus (Page-59), Farcical Opera (Page-61), Hebrew Melodies (Page-76), Domestic Pieces 1816 (Page-85), Satires (Page-111), The Deformed Transformed (Page-595).
600 _aByron, George Gordon Byron, Baron,
_9108096
650 _aLife of Byron
_9108097
942 _2ddc
_cBK
_k920,THE
999 _c187122
_d187122